Famous, Successful and Popular Movies - Statistics

General Stats
  • This quiz has been taken 659 times
    654 since last reset
  • The average score is 11 of 21
Answer Stats
Hint Answer % Correct
Three friends wake up after an intense bachelor party and realize that the groom is missing. The Hangover
89%
A humanoid robot is sent back in time to kill the mother of a future resistance leader. The Terminator
85%
Found footage film about several young adults who go into the woods in search of a legendary witch. The Blair Witch Project
74%
A teenager inadvertently travels back in time to stop his mother from meeting his father. It's up to him and a quirky scientist to figure out how to travel through time again. Back to the Future
69%
Horrifying depiction of the Holocaust and the uplifting story of one man's attempt to save as many Jews as he can. Schindler's List
69%
A regular family goes to a deserted hotel for the winter; the dad is subsequently corrupted by evil spirits that live there. The Shining
67%
A down-on-his-luck rapper braves the gritty streets and tries to build his reputation in free-style rap. 8 Mile
62%
Hithcock's masterpiece about a girl, a bag of stolen cash, a creepy hotel and a VERY controlling mother. Psycho
58%
A philosophical rumination on aliens, space and the evolution of man; Stanley Kubrick's masterpiece 2001: A Space Odyssey
51%
Two awkward high school seniors agree to bring alcohol to a crazy party. Shenanigans ensue. Superbad
44%
Hilarious comedy spoof of disaster films in which a crazy bunch of characters try to stop a plane from crashing. Airplane!
43%
A young boy murders half his family; decades later, he returns to his hometown to stalk and kill several babysitters. Halloween
42%
A man with anterrograde amnesia, who loses his memory every 15 minutes, tries to find the man responsible for his condition and his wife's death; famously known for being structured backwards. Memento
41%
A professional assassin ("cleaner") takes an orphaned 12-year old girl under his wing and shows her his trade. Leon: The Professional
40%
Classic western about three outlaws looking for treasure in the Wild West. The Good, the Bad, and the Ugly
39%
A psychedelic and, often-times, horrific look at the Vietnam War, and a captain sent to assassinate a power-hungry and insane general. Apocalypse Now
35%
The story of a powerful boxer, whose anger and violence helps him get to the top within the ring, but destroys everything else in his life. Raging Bull
34%
In 2019 Los Angeles, a reluctant detective is sent to kill a group of rogue, humanoid robots, called "replicants". Blade Runner
33%
Al Pacino and Robert DeNiro's biggest collaboration in which they play a cop and a robber, respectively. Heat
33%
A 15-year old journalist is taken in by a up-and-coming band in the 70's and has the time of his life, learning about love, friendship, betrayal and nostalgia. Almost Famous
29%
Political satire about the Cold War; an insane general launches a nuclear attack against Russia and hilarity ensues. Dr. Strangelove: Or How I Learned To Stop Worrying and Love the Bomb
29%
No matching quizzes found
Score Distribution
Percent of People with Each Score
Percentile by Number Answered
Your Score History
You have not taken this quiz since the last reset